00417nam a22001337a 450000500170000000800410001704100130005808200120007110000120008324500400009526000890013530000330022465000260025720240524092707.0240522b |||||||| |||| 00| 0 eng d aEnglish  a349 LAW lEnglish aThe Law Reports: Chancery Division  aLondon: bThe Incorporated Council of Law Reporting for England and Wales, c1875-6  bxxviii, 742 pages; c25 cm.  aLegal practice bLaw